UK Train Operators - Statistics

General Stats
  • This quiz has been taken 583 times
  • The average score is 19 of 28
Answer Stats
Train Operating Company % Correct
Great Western Railway
88%
London North Eastern Railway
88%
Northern
85%
Southern
84%
ScotRail
83%
Avanti West Coast
79%
CrossCountry
77%
Southeastern
76%
Transport for Wales
74%
Thameslink
73%
East Midlands Railway
71%
Greater Anglia
70%
TransPennine Express
68%
London Overground
67%
South Western Railway
67%
London Northwestern Railway
65%
c2c
64%
West Midlands Railway
62%
Merseyrail
60%
Lumo
58%
Elizabeth Line
57%
Great Northern
57%
Chiltern Railways
56%
Grand Central
56%
Hull Trains
55%
Caledonian Sleeper
49%
Gatwick Express
48%
Heathrow Express
47%
No matching quizzes found
Score Distribution
Percent of People with Each Score
Percentile by Number Answered
Your Score History
You have not taken this quiz